| 000 | 00000nam##2200000za#4500 |
| 001 | 9.570581 |
| 003 | CaOODSP |
| 005 | 20210624182317 |
| 007 | cr ||||||||||| |
| 008 | 150406|1997||||xxc|||||o f|0| 0 eng|d |
| 040 | |aCaOODSP|beng |
| 043 | |an-cn--- |
| 086 | 1 |aC21-24/18-1997E-PDF |
| 110 | 1 |aCanada.|bIndustry Canada. |bMicro-Economic Analysis Directorate. |
| 245 | 10|aRegional disparities in Canada : |h[electronic resource]|bcharacterization, trends and lessons for economic policy / |cby Serge Coulombe. |
| 260 | |aOttawa - Ontario : |bIndustry Canada. |cNovember 1997. |
| 300 | |a30p.|bgraphs, table |
| 490 | 1 |aWorking paper series|vNo. 18 |
| 500 | |aIncorrect catalogue number (C21-24/19) and ISBN (0-662-63228-1) for the bilingual print edition copied in this electronic publication. |
| 504 | |aBibliography. |
| 590 | |a12-10-Supp|b2012-03-23 |
| 720 | 1 |aCoulombe, Serge |
| 775 | 08|tLes disparités régionales au Canada : |w(CaOODSP)9.601230 |
| 776 | 0#|tRegional disparities in Canada: characterization, trends and lessons for economic policy / |w(CaOODSP)9.530186 |
| 776 | 0#|tLes disparités régionales au Canada: diagnostic, tendances et leçons pour la politique économique / |w(CaOODSP)9.530187 |
| 830 | #0|aWorking paper series ;|vNo. 18|w(CaOODSP)9.504711 |
| 856 | 40|ahttp://publications.gc.ca|qPDF|s847 KB|uhttps://publications.gc.ca/collections/Collection/C21-24-18-1997E.pdf|yNo. 18 |